DESIGNING A MERCHANDISING PLAN FOR SUPER (Record no. 37212)
[ view plain ]
| 000 -LEADER | |
|---|---|
| fixed length control field | 00246nam a2200097Ia 4500 |
| 008 - FIXED-LENGTH DATA ELEMENTS--GENERAL INFORMATION | |
| fixed length control field | 240625s9999 xx 000 0 und d |
| 041 ## - LANGUAGE CODE | |
| Language code of text/sound track or separate title | eng |
| 082 ## - DEWEY DECIMAL CLASSIFICATION NUMBER | |
| Classification number | 808.20 LAW |
| 100 ## - MAIN ENTRY--PERSONAL NAME | |
| Personal name | LAWRENCE MARGARET |
| 245 ## - TITLE STATEMENT | |
| Title | DESIGNING A MERCHANDISING PLAN FOR SUPER |
| Withdrawn status | Lost status | Damaged status | Not for loan | Home library | Current library | Shelving location | Date acquired | Barcode | Date last seen | Price effective from | Koha item type |
|---|---|---|---|---|---|---|---|---|---|---|---|
| IMTN | IMTN | Rack 38-A | 04/04/2014 | SP1953 | 06/25/2024 | 06/25/2024 | Sp |